000 01266cam a22003254a 4500
001 13431153
003 ARRUPE
005 20150210020008.0
008 031210s2004 nyu b 001 0 eng
010 _a 2003069367
020 _a157322278X (alk. paper)
040 _aDLC
_cDLC
_dDLC
042 _apcc
050 0 0 _aRC394.M46
_bP476 2004
082 0 0 _a616.8/4
_222
100 1 _aPerlmutter, David,
_d1954-
_914633
245 1 4 _aThe better brain book :
_bthe best tools for improving memory, sharpness, and preventing aging of the brain /
_cDavid Perlmutter and Carol Colman.
260 _aNew York:
_bRiverhead Books,
_c2004.
300 _a326 p. ;
_c23 cm.
504 _aIncludes bibliographical references (p. 295-311) and index.
650 0 _aMemory disorders
_xPrevention.
_914634
650 0 _aDietary supplements.
_914635
650 0 _aNootropic agents.
_914636
650 0 _aBrain.
_914637
700 1 _aColman, Carol.
_914638
856 4 1 _3Table of contents
_uhttp://www.loc.gov/catdir/toc/fy051/2003069367.html
906 _a7
_bcbc
_corignew
_d1
_eocip
_f20
_gy-gencatlg
942 _2lcc
_cMONOGRAPH
_01
999 _c121894
_d121894